La Bibbia di Satana /

Guardat en:
Dades bibliogràfiques
Autor principal: La Vey, Anton Szandor
Format: Llibre
Idioma:italià
Publicat: Roma : Arcana, 2007
Col·lecció:Controculture ; 15
Etiquetes: Afegir etiqueta
Sense etiquetes, Sigues el primer a etiquetar aquest registre!

MARC

LEADER 00000nam a22000007i 4500
001 IT\ICCU\UBO\3826264
003 ItRI
005 20260115232145.0
008 101112s2007 it |||||| ||||| |||||c
020 |a 9788879664431 
040 |b ita  |c importazione bologna sebina 
041 7 |a ita  |2 ISO-639-2 
100 1 |a La Vey, Anton Szandor  |0 IT\ICCU\SBLV\191167 
240 1 4 |a The satanic bible.  |3 IT\ICCU\UBO\3826265  |9 La Vey, Anton Szandor 
245 1 3 |a La Bibbia di Satana /  |c Anton Szandor LaVey. 
260 |a Roma :  |b Arcana,  |c 2007 
300 |a 253 p. ;  |c 21 cm. 
830 0 |a Controculture ;  |v 15  |0 IT\ICCU\LO1\0890571 
942 |2 ddc  |c BK  |n 0 
952 |0 0  |1 0  |4 0  |6 DOC_813_540000000000000_LAV  |7 0  |9 21080  |a BO  |b BO  |d 2026-01-15  |i 14241  |l 0  |o DOC 813.54 LAV  |p BO14241  |r 2026-01-15 23:21:45  |w 2026-01-15  |x [Sebina 7] [1 v.]  |y BK  |z 1 v. 
999 |c 18012  |d 18012